| 000 | 00370nam a22001337a 4500 | ||
|---|---|---|---|
| 020 | _qHB. | ||
| 040 | _cFIZZA ISHAQ | ||
| 082 |
_a006.3 _bTON |
||
| 100 |
_aVEALE,TONY. _991516 |
||
| 245 |
_aCOMPUTATIONAL CREATIVITY THE PHILOSOPHY AND ENGINEERING OF AUTONOMOUSLY CREATIVE SYSTEMS / _cTONY VEALE. |
||
| 260 |
_aSPRINGER ; _c2019. |
||
| 300 | _a398 P. ; | ||
| 942 |
_2ddc _cBK |
||
| 999 |
_c589637 _d589637 |
||